000 00384nam a2200145Ia 4500
005 20251222152631.0
008 251222s9999||||xx |||||||||||||| ||spa||
020 _a9974773806
082 _aREF.463/T37
100 _aTenutto, Marta
245 0 _aEscuela para Maestros Enciclopedia de Pedagogía Práctica
250 _a1ra.ed.
264 _bCadiex Internacional S.A.
942 _cLIB
999 _c27744
_d27744